Longest 1- or 2-Word Country Names - Statistics

General Stats
  • This quiz has been taken 63 times
    48 since last reset
  • The average score is 12 of 20
Answer Stats
letters country % Correct
12 Turkmenistan
77%
17 Dominican Republic
74%
15 Marshall Islands
74%
11 South Africa
74%
13 Czech Republic
72%
14 Solomon Islands
72%
13 United Kingdom
72%
13 Liechtenstein
69%
11 Saudi Arabia
64%
11 Afghanistan
59%
16 Equatorial Guinea
59%
11 Vatican City
59%
11 Burkina Faso
54%
11 Switzerland
54%
12 Guinea-Bissau
51%
11 Netherlands
46%
11 Philippines
46%
12 United States
41%
11 Sierra Leone
26%
11 Côte d'Ivoire
23%
No matching quizzes found
Score Distribution
Percent of People with Each Score
Percentile by Number Answered
Your Score History
You have not taken this quiz since the last reset